000 00831nam a2200205Ia 4500
005 20250508162221.0
008 008 250505s9999 xx 000 0 eng d
020 _a92-3-101781-0
037 _aTextual
040 _aFEDL
_beng
_cFEDL
041 _aeng
_2eng
084 _a323.4, UNE
_qFEDL
245 0 _aInternational congress on the teaching of humanrights: September 1978, vienna under the auspices of the United Nations organization for education science and culture
245 0 _cUnited Nations Education, Scientific and Cultural Organization
260 _aParis, France
_bUnited Nations Education, Scientific and Cultural Organization
_c1980
300 _a259p
546 _aThirtieth aniversary of the universal declaration of human rights
942 _cTEXL
_h323.4, UNE
999 _c1375167
_d1375167